[Event "24th Reykjavik op"]
[Site "Reykjavik ISL"]
[Date "2009.03.24"]
[Round "1.1"]
[White "Areshchenko, Alexander"]
[Black "Karlovich, Anastazia"]
[WhiteElo "2673"]
[BlackElo "2251"]
[Result "1-0"]
[EventDate "2009.03.24"]
[PlyCount "69"]

1.e4 e5 2.Nf3 Nc6 3.Bb5 a6 4.Ba4 d6 5.O-O Ne7 6.c3 Bd7 7.d4 Ng6 8.d5 Nb8 
9.Bxd7+ Qxd7 10.Qb3 b6 11.a4 Be7 12.a5 Qd8 13.axb6 cxb6 14.Na3 Nd7 15.Nc4 
O-O 16.Be3 Qc7 17.Nfd2 Rfb8 18.Ra3 f5 19.exf5 Nh4 20.f6 gxf6 21.f4 Kh8 22.
fxe5 dxe5 23.d6 Bxd6 24.Nxd6 Qxd6 25.Qc4 Ng6 26.Ne4 Qe7 27.Rxa6 Rxa6 28.
Qxa6 Qe6 29.Ng3 Qd5 30.Qe2 Nh4 31.Rd1 Qc6 32.Rd2 Nc5 33.Qc4 Qa4 34.Qf7 Qc6
35.Bh6 1-0

[Event "24th Reykjavik op"]
[Site "Reykjavik ISL"]
[Date "2009.03.24"]
[Round "1.14"]
[White "Halldorsson, Jon Arni"]
[Black "Macak, Stefan"]
[WhiteElo "2162"]
[BlackElo "2527"]
[Result "1-0"]
[EventDate "2009.03.24"]
[PlyCount "175"]

1.d4 Nf6 2.Nf3 g6 3.g3 Bg7 4.b3 O-O 5.Bb2 d5 6.Bg2 Bf5 7.O-O Qc8 8.Nbd2 
Bh3 9.c4 Bxg2 10.Kxg2 e6 11.Qc2 Nbd7 12.Rac1 c6 13.e4 dxe4 14.Nxe4 Nxe4 
15.Qxe4 Nf6 16.Qe2 Rd8 17.Rfd1 Qd7 18.Ne5 Qe7 19.Qf3 Rac8 20.Rc2 Nd7 21.
Rcd2 Rc7 22.Qf4 Nf6 23.Qf3 Qd6 24.Qe3 Re7 25.Rd3 Ree8 26.Qc1 Qc7 27.Qe3 
Qa5 28.Qd2 Qa6 29.Qe2 Nd7 30.Nf3 b5 31.Qc2 Nb6 32.Nd2 Re7 33.c5 Nd5 34.Bc3
Nf6 35.b4 Red7 36.Nf3 Nd5 37.Be1 Qb7 38.Ng5 Qc7 39.a3 Ne7 40.Bc3 Nf5 41.
Nf3 Rd5 42.Qe2 R8d7 43.g4 Ne7 44.Qe4 Qd8 45.R3d2 h6 46.h4 Kf8 47.Qe3 Ng8 
48.Qf4 Re7 49.Ra1 f5 50.a4 bxa4 51.Rxa4 Rdd7 52.g5 h5 53.Ra6 Qc8 54.Rda2 
Qb7 55.R2a5 Qc8 56.Kh3 Rb7 57.Qd6 Rc7 58.b5 cxb5 59.Rxb5 Kf7 60.Ra4 Red7 
61.Ne5+ Bxe5 62.Qxe5 Rd5 63.Qh8 a6 64.Rb6 Ne7 65.Qf6+ Ke8 66.Qxe6 Qxe6 67.
Rxe6 Rb7 68.Rexa6 Rb3 69.Ra3 Rb1 70.Ra1 Rb3 71.R6a3 Rb7 72.Ra7 Rb3 73.R1a3
Rb1 74.Ba1 Rh1+ 75.Kg3 Rg1+ 76.Kh2 Rg4 77.Kh3 f4 78.Ra8+ Rd8 79.d5 Nf5 80.
Bf6 Rxh4+ 81.Kg2 f3+ 82.Kxf3 Rh3+ 83.Ke4 Rxa3 84.Rxa3 Rb8 85.d6 Rb1 86.Kd5
Rd1+ 87.Kc6 h4 88.d7+ 1-0

[Event "24th Reykjavik op"]
[Site "Reykjavik ISL"]
[Date "2009.03.24"]
[Round "1.46"]
[White "Sigurdsson, Birkir Karl"]
[Black "Lucaroni, Massimiliano"]
[WhiteElo "1355"]
[BlackElo "2310"]
[Result "0-1"]
[EventDate "2009.03.24"]
[PlyCount "78"]

1.d4 d5 2.c4 e6 3.Nc3 c5 4.e3 Nf6 5.cxd5 exd5 6.Bb5+ Nc6 7.dxc5 Bxc5 8.Nf3
O-O 9.h3 Qe7 10.O-O Rd8 11.Re1 Ne5 12.Be2 Bf5 13.Bd2 Nd3 14.Bxd3 Bxd3 15.
Nd4 Ne4 16.Rc1 Bb6 17.Nxe4 dxe4 18.Bc3 Rd5 19.Qd2 Rg5 20.g3 Qd7 21.Kg2 h5 
22.Ne2 h4 23.Kh2 Rd8 24.Nf4 Bc7 25.Rg1 hxg3+ 26.fxg3 Bb6 27.Rce1 Qe7 28.a4
Rf5 29.Qf2 g5 30.Qd2 gxf4 31.gxf4+ Kf8 32.a5 Bc5 33.Qg2 Ke8 34.b4 Bd6 35.
Qa2 Kd7 36.Bd4 Rc8 37.Rc1 Rxc1 38.Rxc1 Rxf4 39.Qa4+ Kd8 0-1

[Event "24th Reykjavik op"]
[Site "Reykjavik ISL"]
[Date "2009.03.24"]
[Round "1.52"]
[White "Westerberg, Claes Goran"]
[Black "Hug, Marcel"]
[WhiteElo "1864"]
[BlackElo "2257"]
[Result "1/2-1/2"]
[EventDate "2009.03.24"]
[PlyCount "67"]

1.e4 d6 2.d4 Nf6 3.Nc3 g6 4.Bg5 h6 5.Bh4 c6 6.Qd2 b5 7.Bxf6 exf6 8.Bd3 Bg7
9.Nge2 O-O 10.O-O a6 11.a4 b4 12.Nd1 c5 13.c3 a5 14.Ne3 Nc6 15.Bb5 Ne7 16.
Rad1 Be6 17.Qc2 Rc8 18.d5 Bd7 19.Bxd7 Qxd7 20.Nc4 Qc7 21.f4 Rb8 22.Rf3 
Rfe8 23.g4 Nc8 24.Ng3 Qd7 25.f5 Kh7 26.h4 g5 27.hxg5 fxg5 28.Nxa5 Be5 29.
Nc6 Ra8 30.Nxe5 Rxe5 31.Nh5 Qe7 32.c4 Nb6 33.b3 f6 34.Re3 1/2-1/2

[Event "24th Reykjavik op"]
[Site "Reykjavik ISL"]
[Date "2009.03.24"]
[Round "1.53"]
[White "Cori Tello, Deysi Estela"]
[Black "Unnarsson, Sverrir"]
[WhiteElo "2256"]
[BlackElo "1860"]
[Result "1-0"]
[EventDate "2009.03.24"]
[PlyCount "73"]

1.d4 Nf6 2.Nf3 g6 3.c4 Bg7 4.g3 O-O 5.Bg2 d6 6.Nc3 Nbd7 7.O-O e5 8.h3 Re8 
9.e4 exd4 10.Nxd4 Nc5 11.Re1 a5 12.Bf4 Ne6 13.Be3 Nxd4 14.Bxd4 Be6 15.Qd3 
Qc8 16.Kh2 Nd7 17.f4 Nc5 18.Bxc5 dxc5 19.e5 Rd8 20.Qe3 Rd4 21.Ne4 Qf8 22.
b3 Rad8 23.Ng5 b6 24.Re2 Bh6 25.Nf3 Rd3 26.Qf2 Qe7 27.Ne1 R3d4 28.Nc2 Rd3 
29.Be4 R3d7 30.Rae1 Bg7 31.Ne3 Rd4 32.Bd5 Qd7 33.Qg2 Kf8 34.Rf2 Qe7 35.f5 
Bxd5 36.Nxd5 Qg5 37.e6 1-0

[Event "24th Reykjavik op"]
[Site "Reykjavik ISL"]
[Date "2009.03.24"]
[Round "1.54"]
[White "Sverrisson, Nokkvi"]
[Black "Edvardsson, Kristjan"]
[WhiteElo "1675"]
[BlackElo "2253"]
[Result "0-1"]
[EventDate "2009.03.24"]
[PlyCount "42"]

1.e4 c5 2.Nf3 d6 3.d4 cxd4 4.Nxd4 Nf6 5.Nc3 g6 6.Be3 Bg7 7.f3 O-O 8.Qd2 
Nc6 9.O-O-O d5 10.Be2 dxe4 11.Nxc6 Qxd2+ 12.Rxd2 bxc6 13.Nxe4 Nd5 14.Bc5 
Bh6 15.c4 Nf4 16.Bxe7 Nxe2+ 17.Kd1 Bxd2 18.Kxd2 Nf4 19.g3 Ne6 20.Kc3 f5 
21.Nf6+ Kf7 0-1

[Event "24th Reykjavik op"]
[Site "Reykjavik ISL"]
[Date "2009.03.24"]
[Round "1.55"]
[White "Sofrigin, Alexej"]
[Black "Karlsson, Mikael Johann"]
[WhiteElo "2252"]
[BlackElo "1505"]
[Result "1-0"]
[EventDate "2009.03.24"]
[PlyCount "45"]

1.Nf3 c5 2.g3 Nc6 3.Bg2 g6 4.O-O Bg7 5.c4 Nf6 6.Nc3 O-O 7.d4 cxd4 8.Nxd4 
a6 9.h3 Qc7 10.Nc2 d6 11.Bg5 Be6 12.Ne3 Qd7 13.Ncd5 Bxd5 14.cxd5 Na7 15.
Nc4 Nc8 16.Qd2 Rd8 17.Rac1 b5 18.Na5 Nb6 19.b3 Rac8 20.Nc6 Re8 21.Be3 Qb7 
22.Bxb6 Nd7 23.Bd4 1-0

[Event "24th Reykjavik op"]
[Site "Reykjavik ISL"]
[Date "2009.03.25"]
[Round "2.29"]
[White "Gislason, Gudmundur"]
[Black "Westerberg, Claes Goran"]
[WhiteElo "2351"]
[BlackElo "1864"]
[Result "1-0"]
[EventDate "2009.03.24"]
[PlyCount "61"]

1.d4 Nf6 2.Nf3 d5 3.g3 e6 4.Bg2 c5 5.O-O Nc6 6.c4 cxd4 7.Nxd4 Bd7 8.Nc3 
dxc4 9.Nxc6 Bxc6 10.Bxc6+ bxc6 11.Qa4 Qc8 12.Qxc4 Be7 13.Bf4 Nd5 14.Rac1 
O-O 15.Be5 Qb7 16.Nxd5 exd5 17.Qxc6 Qxc6 18.Rxc6 f6 19.Bd4 Rfb8 20.Rc7 Bd6
21.Rd7 Be5 22.Bxe5 fxe5 23.Rxd5 Rxb2 24.Rxe5 Rxa2 25.Rc1 a5 26.Rc7 a4 27.
Ree7 a3 28.Rxg7+ Kh8 29.Rxh7+ Kg8 30.Rcg7+ Kf8 31.Ra7 1-0

[Event "24th Reykjavik op"]
[Site "Reykjavik ISL"]
[Date "2009.03.25"]
[Round "2.52"]
[White "Bergsson, Stefan"]
[Black "Sverrisson, Nokkvi"]
[WhiteElo "2079"]
[BlackElo "1675"]
[Result "1-0"]
[EventDate "2009.03.24"]
[PlyCount "63"]

1.e4 c5 2.Nf3 d6 3.d4 cxd4 4.Nxd4 Nf6 5.Nc3 a6 6.Bg5 e6 7.f4 Be7 8.Qf3 Qc7
9.O-O-O Nbd7 10.g4 b5 11.Bxf6 Nxf6 12.g5 Nd7 13.f5 Bxg5+ 14.Kb1 Ne5 15.Qh5
Qd8 16.Nxe6 Bxe6 17.fxe6 g6 18.Qh3 O-O 19.Nd5 Ra7 20.Be2 Qc8 21.Bg4 Nxg4 
22.Qxg4 f6 23.h4 Bh6 24.h5 g5 25.Qf5 Bg7 26.h6 Bh8 27.e7 Re8 28.Nxf6+ Bxf6
29.Qxf6 Rexe7 30.Qxg5+ Kf8 31.Rxd6 Qc4 32.Rd8+ 1-0

[Event "24th Reykjavik op"]
[Site "Reykjavik ISL"]
[Date "2009.03.25"]
[Round "2.53"]
[White "Unnarsson, Sverrir"]
[Black "Cross, Ted"]
[WhiteElo "1860"]
[BlackElo "2076"]
[Result "0-1"]
[EventDate "2009.03.24"]
[PlyCount "74"]

1.e4 c5 2.Nf3 Nc6 3.d4 cxd4 4.Nxd4 Nf6 5.Nc3 e5 6.Ndb5 d6 7.Bg5 a6 8.Na3 
b5 9.Bxf6 gxf6 10.Nd5 f5 11.Bd3 Be6 12.c3 Bg7 13.O-O O-O 14.Nc2 Rb8 15.
Nce3 fxe4 16.Bxe4 f5 17.Bc2 e4 18.Bb3 Kh8 19.Nf4 Bxb3 20.axb3 Be5 21.Ned5 
Rg8 22.Qh5 Rg4 23.Rxa6 Qc8 24.Rxc6 Qxc6 25.Qxf5 Rbg8 26.g3 Qb7 27.Ra1 e3 
28.fxe3 R4g5 29.Qd3 Qg7 30.e4 Qh6 31.Ne7 Bxf4 32.Nxg8 Rxg8 33.Qf3 Be3+ 34.
Kh1 Rf8 35.Qg4 Bc1 36.Ra7 Bxb2 37.Rc7 Qc1+ 0-1

[Event "24th Reykjavik op"]
[Site "Reykjavik ISL"]
[Date "2009.03.25"]
[Round "2.54"]
[White "Karlsson, Mikael Johann"]
[Black "Einarsson, Einar Kristinn"]
[WhiteElo "1505"]
[BlackElo "2065"]
[Result "0-1"]
[EventDate "2009.03.24"]
[PlyCount "104"]

1.c4 f5 2.Nc3 Nf6 3.g3 g6 4.Bg2 Bg7 5.d4 d6 6.e3 O-O 7.Nge2 c6 8.O-O Qe8 
9.a3 a5 10.Qb3 e5 11.c5+ d5 12.Re1 Kh8 13.Qc2 Nbd7 14.Bd2 Ne4 15.Nxe4 fxe4
16.Bc3 exd4 17.Bxd4 Ne5 18.Bxe5 Qxe5 19.Nd4 Qh5 20.b4 Bg4 21.Rab1 Bxd4 22.
exd4 Rf3 23.Re3 Rf7 24.Qd2 axb4 25.Qxb4 Raf8 26.Rb2 Bf3 27.Bf1 g5 28.h3 
Rg7 29.Qe1 Qg6 30.Reb3 Qf6 31.Qe3 Rff7 32.Rb6 Qd8 33.a4 h5 34.a5 Qf6 35.a6
bxa6 36.Rxa6 Ra7 37.Rbb6 Rxa6 38.Bxa6 Ra7 39.Rb8+ Kg7 40.Rb7+ Rxb7 41.Bxb7
Kg6 42.Ba6 Qd8 43.Be2 Qf6 44.Bf1 Qh8 45.Qd2 h4 46.Qe3 hxg3 47.fxg3 Qb8 48.
Qf2 Qb1 49.h4 Qc1 50.Kh2 g4 51.Qg1 Qd2+ 52.Bg2 e3 0-1

[Event "24th Reykjavik op"]
[Site "Reykjavik ISL"]
[Date "2009.03.25"]
[Round "2.55"]
[White "Rodriguez Hurtado, Jorge"]
[Black "Sigurdsson, Birkir Karl"]
[WhiteElo "2052"]
[BlackElo "1355"]
[Result "1-0"]
[EventDate "2009.03.24"]
[PlyCount "117"]

1.e4 Nc6 2.d4 d5 3.exd5 Qxd5 4.Nf3 Bg4 5.Be2 e6 6.h3 Bh5 7.O-O Nf6 8.c4 
Qd8 9.Nc3 Be7 10.Be3 O-O 11.Qa4 Bb4 12.d5 exd5 13.Rfd1 Bxc3 14.bxc3 Ne5 
15.g4 Nxf3+ 16.Bxf3 Bg6 17.cxd5 Re8 18.Rd4 Nd7 19.Qb5 Nb6 20.c4 a6 21.Qb3 
Rb8 22.Rc1 Nd7 23.c5 Ne5 24.Bg2 Qf6 25.Rf4 Qd8 26.Rd1 Qd7 27.Rb4 Qc8 28.f4
Nxg4 29.hxg4 Qxg4 30.Rbd4 Be4 31.R4d2 Rbd8 32.Kf1 Bxg2+ 33.Rxg2 Qf3+ 34.
Bf2 Qxf4 35.Qxb7 Qe4 36.Qb2 f6 37.d6 Qf3 38.Qb3+ Qxb3 39.axb3 cxd6 40.cxd6
Rd7 41.Rd3 Rc8 42.Bg3 Kf7 43.Re2 Rc1+ 44.Kg2 Rc8 45.Rde3 Rcd8 46.Ra2 Ra8 
47.b4 Raa7 48.Rd3 Ke6 49.Bf2 Rab7 50.Bc5 h6 51.Rxa6 Kf5 52.Rda3 Ke6 53.Ra8
Kd5 54.R8a5 Kc6 55.Re3 h5 56.Re7 g5 57.Ra8 f5 58.Rf8 f4 59.Rf5 1-0

[Event "24th Reykjavik op"]
[Site "Reykjavik ISL"]
[Date "2009.03.26"]
[Round "3.19"]
[White "Lund Esben"]
[Black "Halldorsson, Jon Arni"]
[WhiteElo "2421"]
[BlackElo "2162"]
[Result "1/2-1/2"]
[EventDate "2009.03.24"]
[PlyCount "102"]

1.d4 d5 2.c4 c6 3.Nf3 Nf6 4.e3 Bg4 5.h3 Bxf3 6.Qxf3 e6 7.Bd3 Nbd7 8.Nc3 
Bb4 9.Bd2 Qe7 10.a3 Ba5 11.cxd5 cxd5 12.O-O Qd8 13.b4 Bc7 14.a4 O-O 15.a5 
Rc8 16.Rfd1 Qe7 17.Rac1 Rfd8 18.g3 Bd6 19.b5 Bb4 20.a6 bxa6 21.bxa6 Nb6 
22.Be1 Nc4 23.Na4 Bxe1 24.Rxe1 Qa3 25.Bxc4 Qxa4 26.Bf1 Ne4 27.Qd1 Qa2 28.
Qe2 Qxe2 29.Bxe2 Nd6 30.Bd3 Rxc1 31.Rxc1 Rc8 32.Rb1 Kf8 33.Kf1 Ke7 34.Ke2 
Kd7 35.g4 h6 36.h4 f6 37.f3 Kc7 38.e4 dxe4 39.fxe4 Rb8 40.Rc1+ Kd7 41.e5 
fxe5 42.dxe5 Nf7 43.Rc5 Rb4 44.Kf3 Rb3 45.Ke4 Rb4+ 46.Bc4 Rb1 47.Bb5+ Kd8 
48.Be2 Rb4+ 49.Ke3 Rb3+ 50.Kd4 Rb4+ 51.Bc4 Kd7 1/2-1/2

[Event "24th Reykjavik op"]
[Site "Reykjavik ISL"]
[Date "2009.03.26"]
[Round "3.27"]
[White "Caspi, Israel"]
[Black "Bjornsson, Sverrir Orn"]
[WhiteElo "2402"]
[BlackElo "2161"]
[Result "1-0"]
[EventDate "2009.03.24"]
[PlyCount "83"]

1.e4 Nf6 2.e5 Nd5 3.d4 d6 4.c4 Nb6 5.exd6 exd6 6.Nc3 Be7 7.Nf3 O-O 8.Be2 
Re8 9.O-O Bg4 10.h3 Bh5 11.Be3 Nc6 12.b3 d5 13.c5 Nc8 14.b4 Bf8 15.Qb3 
N6e7 16.b5 f6 17.Rfe1 Bf7 18.Bd3 Qd7 19.Bf4 Bg6 20.Bxg6 hxg6 21.Bxc7 Qxc7 
22.Nxd5 Nxd5 23.Rxe8 Qf7 24.Rae1 Nc7 25.Qxf7+ Kxf7 26.Rd8 Ne7 27.Rd7 Rc8 
28.b6 axb6 29.cxb6 Nd5 30.Rxb7 Ra8 31.Rb1 Ke6 32.Nd2 Kd6 33.Ra7 Rb8 34.
Nc4+ Kc6 35.Na5+ Kd6 36.b7 Nc7 37.a4 Kd5 38.Rc1 Kd6 39.Nc4+ Kc6 40.a5 Ned5
41.Ne5+ Kd6 42.Nc6 1-0

[Event "24th Reykjavik op"]
[Site "Reykjavik ISL"]
[Date "2009.03.26"]
[Round "3.51"]
[White "Sverrisson, Nokkvi"]
[Black "Ingason, Sigurdur"]
[WhiteElo "1675"]
[BlackElo "1949"]
[Result "1/2-1/2"]
[EventDate "2009.03.24"]
[PlyCount "40"]

1.e4 e5 2.Nf3 Nf6 3.d4 Nxe4 4.Bd3 Nc6 5.Bxe4 d5 6.Nxe5 dxe4 7.Nxc6 bxc6 8.
O-O Be7 9.Nc3 f5 10.Be3 O-O 11.Qd2 Bd6 12.Bf4 Rb8 13.Bxd6 Qxd6 14.b3 Be6 
15.Rad1 Rbd8 16.Qe3 Rf6 17.f4 exf3 18.Qxf3 Rh6 19.Qf4 Rg6 20.Qxd6 cxd6 
1/2-1/2

[Event "24th Reykjavik op"]
[Site "Reykjavik ISL"]
[Date "2009.03.26"]
[Round "3.53"]
[White "Sigurdsson, Birkir Karl"]
[Black "Sigurjonsson, Siguringi"]
[WhiteElo "1355"]
[BlackElo "1904"]
[Result "0-1"]
[EventDate "2009.03.24"]
[PlyCount "48"]

1.d4 d5 2.c4 c6 3.cxd5 cxd5 4.Nc3 Nc6 5.e3 Nf6 6.Bb5 e6 7.Nf3 Bd6 8.Bd2 
O-O 9.O-O Bd7 10.a3 a6 11.Bd3 e5 12.dxe5 Nxe5 13.Be2 Qe7 14.Nxe5 Qxe5 15.
g3 Bh3 16.Re1 Rad8 17.Bf3 Rd7 18.Bg2 Bg4 19.Qa4 Qf5 20.h4 Bf3 21.Rac1 Be5 
22.Qa5 Qg4 23.Bxf3 Qxf3 24.Nd1 Ne4 0-1

[Event "24th Reykjavik op"]
[Site "Reykjavik ISL"]
[Date "2009.03.26"]
[Round "3.54"]
[White "Eiriksson Vikingur, Fjalar"]
[Black "Unnarsson, Sverrir"]
[WhiteElo "1882"]
[BlackElo "1860"]
[Result "1-0"]
[EventDate "2009.03.24"]
[PlyCount "87"]

1.e4 d5 2.exd5 Nf6 3.Nc3 Nxd5 4.Bc4 Nb6 5.Bb3 Bf5 6.Nf3 Nc6 7.d4 e6 8.O-O 
Na5 9.Bf4 Bd6 10.Be5 f6 11.Bxd6 Qxd6 12.Nh4 O-O-O 13.Nxf5 exf5 14.Qd3 g6 
15.Nb5 Qf4 16.Rad1 a6 17.Na3 Nxb3 18.axb3 Rhe8 19.b4 Re4 20.c3 Rde8 21.b5 
a5 22.Nc4 Nxc4 23.Qxc4 Qd6 24.Ra1 b6 25.b4 axb4 26.Ra8+ Kd7 27.Rxe8 Rxe8 
28.cxb4 Re4 29.Rd1 Qe6 30.Qc3 f4 31.Rc1 Ke8 32.g3 fxg3 33.hxg3 Qe7 34.Qc6+
Kf8 35.Qxc7 Re1+ 36.Kh2 Qe2 37.Qd6+ Kg7 38.Rc7+ Kg8 39.Qd8+ Qe8 40.Qxf6 
Qf8 41.Qxf8+ Kxf8 42.Rxh7 Rb1 43.Rb7 Rxb4 44.Rxb6 1-0

[Event "24th Reykjavik op"]
[Site "Reykjavik ISL"]
[Date "2009.03.26"]
[Round "3.55"]
[White "Fridgeirsson, Dagur Andri"]
[Black "Karlsson, Mikael Johann"]
[WhiteElo "1787"]
[BlackElo "1505"]
[Result "1-0"]
[EventDate "2009.03.24"]
[PlyCount "65"]

1.d4 d5 2.c4 c6 3.cxd5 cxd5 4.Nc3 Nc6 5.Bf4 Bf5 6.e3 Nf6 7.Bb5 e6 8.Nf3 
Bd6 9.Qa4 O-O 10.Bxc6 bxc6 11.Ne5 Qb6 12.Qb3 Qxb3 13.axb3 Bxe5 14.Bxe5 Nd7
15.Bd6 Rfc8 16.Na4 Bd3 17.Kd2 Bb5 18.Rhc1 Nf6 19.f3 Nd7 20.Ra3 g6 21.Nc3 
Nb6 22.Rca1 a6 23.Nxb5 axb5 24.Rxa8 Rxa8 25.Rxa8+ Nxa8 26.Kc3 Nb6 27.Kb4 
Nd7 28.Ka5 f6 29.Ka6 Kf7 30.Kb7 Ke8 31.Kxc6 Kd8 32.Kxb5 Kc8 33.Kc6 1-0

[Event "24th Reykjavik op"]
[Site "Reykjavik ISL"]
[Date "2009.03.27"]
[Round "4.15"]
[White "Bhat, Vinay"]
[Black "Gretarsson, Hjorvar Steinn"]
[WhiteElo "2495"]
[BlackElo "2279"]
[Result "1/2-1/2"]
[EventDate "2009.03.24"]
[PlyCount "197"]

1.d4 Nf6 2.c4 e6 3.Nc3 Bb4 4.e3 b6 5.Ne2 Ba6 6.a3 Bxc3+ 7.Nxc3 d5 8.b3 O-O
9.Be2 dxc4 10.bxc4 Nc6 11.a4 Na5 12.Ba3 Re8 13.Nb5 e5 14.d5 Qd7 15.O-O c6 
16.dxc6 Qxc6 17.Qc2 Nb7 18.Rfd1 Nc5 19.Bf3 e4 20.Rd6 Qc8 21.Be2 Nb7 22.Rd4
Bxb5 23.axb5 Nc5 24.h3 h6 25.Bb2 Qc7 26.Rad1 Re6 27.Ba1 Rc8 28.Qb2 Rce8 
29.R4d2 R6e7 30.Rd6 Re6 31.R6d5 Na4 32.Qd4 Nc5 33.Bg4 R6e7 34.Rd6 Nb3 35.
Qc3 Nxa1 36.Rc6 Qb8 37.Qxa1 Qe5 38.Qxe5 Rxe5 39.Rc7 R5e7 40.Rc6 Rb8 41.Bf5
Kf8 42.g4 Ng8 43.Rd4 Rbe8 44.Kf1 g6 45.Bd7 Rd8 46.Bc8 Rde8 47.Rdd6 Re5 48.
Rc7 R5e7 49.Bd7 Ra8 50.Rb7 Kg7 51.Bc6 Rxb7 52.Bxb7 Re8 53.Rd7 Nf6 54.Rc7 
Kf8 55.Bc6 Re7 56.Rc8+ Kg7 57.Rd8 Nh7 58.Kg2 Nf6 59.Kg3 g5 60.Rd4 Re5 61.
Kg2 Kf8 62.Rd8+ Kg7 63.Kf1 Re7 64.Rd4 Kg6 65.Rd6 Re6 66.Rd8 h5 67.Bb7 Re7 
68.Bc8 hxg4 69.hxg4 Kg7 70.Bf5 Re5 71.Ke2 Rc5 72.Rd4 Kf8 73.Kd2 Ke7 74.Kc3
Re5 75.Rd1 Rc5 76.Ra1 Rc7 77.Kd4 Kf8 78.Rh1 Kg7 79.Re1 Rc5 80.Ra1 Rc7 81.
Kc3 Nd7 82.Rd1 Nc5 83.Rd6 Nd3 84.Bxe4 Ne5 85.Bc6 Nxg4 86.Rd2 Ne5 87.Bd5 
Kf6 88.f3 Ng6 89.Rh2 Ne7 90.Kd4 Nf5+ 91.Kd3 Ne7 92.Rh6+ Ng6 93.Kd4 Kg7 94.
Rh5 f6 95.Rh1 Ne7 96.Be6 Ng6 97.Bf5 Nh4 98.Be4 Rd7+ 99.Kc3 1/2-1/2

[Event "24th Reykjavik op"]
[Site "Reykjavik ISL"]
[Date "2009.03.27"]
[Round "4.33"]
[White "Karlovich, Anastazia"]
[Black "Westerberg, Claes Goran"]
[WhiteElo "2251"]
[BlackElo "1864"]
[Result "1-0"]
[EventDate "2009.03.24"]
[PlyCount "61"]

1.e4 c5 2.Nf3 Nf6 3.e5 Nd5 4.b3 e6 5.Bb2 b6 6.Nc3 Nxc3 7.Bxc3 Nc6 8.Be2 
Be7 9.d4 cxd4 10.Nxd4 Nxd4 11.Qxd4 Qc7 12.Bf3 Bb7 13.Bxb7 Qxb7 14.O-O O-O 
15.Rad1 Rfd8 16.Rd3 f5 17.Rfd1 Rac8 18.Bb4 Bxb4 19.Qxb4 Kf7 20.Qh4 h6 21.
h3 Ke8 22.Qh5+ Kf8 23.c4 Rc5 24.f4 Rc7 25.Qg6 Re8 26.Rg3 Re7 27.Qh7 Rf7 
28.Qh8+ Ke7 29.Rxg7 Qe4 30.Qg8 Qe3+ 31.Kh1 1-0

[Event "24th Reykjavik op"]
[Site "Reykjavik ISL"]
[Date "2009.03.27"]
[Round "4.49"]
[White "Jonsson Bjorn"]
[Black "Sverrisson, Nokkvi"]
[WhiteElo "2012"]
[BlackElo "1675"]
[Result "1-0"]
[EventDate "2009.03.24"]
[PlyCount "83"]

1.e4 c5 2.Nf3 d6 3.d4 cxd4 4.Nxd4 Nf6 5.Nc3 a6 6.Be2 e6 7.O-O Be7 8.Be3 
Qc7 9.f4 Nbd7 10.a4 b6 11.Bf3 Bb7 12.f5 e5 13.Nde2 O-O 14.g4 Nc5 15.Ng3 h6
16.Qd2 Nh7 17.Rad1 Rfd8 18.Qf2 Ng5 19.Bg2 Bc6 20.h4 Nh7 21.Nh5 Qb7 22.Rd5 
Bxd5 23.Nxd5 Bf6 24.Bxh6 Nd7 25.Be3 Rdc8 26.g5 Bd8 27.f6 Ndf8 28.Nxg7 Qd7 
29.Nf5 Kh8 30.Nh6 Rc6 31.h5 Rac8 32.c3 Qe6 33.Qg3 Qe8 34.Bh3 Ra8 35.Bf5 
Ra7 36.Rf2 Ne6 37.Rg2 Nf4 38.Bxf4 exf4 39.Nxf4 Nf8 40.g6 fxg6 41.hxg6 Bxf6
42.Qh3 1-0

[Event "24th Reykjavik op"]
[Site "Reykjavik ISL"]
[Date "2009.03.27"]
[Round "4.53"]
[White "Unnarsson, Sverrir"]
[Black "Kristinsson, Bjarni Jens"]
[WhiteElo "1860"]
[BlackElo "1959"]
[Result "1-0"]
[EventDate "2009.03.24"]
[PlyCount "51"]

1.e4 c5 2.Nf3 d6 3.d4 cxd4 4.Nxd4 Nf6 5.Nc3 a6 6.Bg5 e6 7.f4 Qc7 8.Qf3 Be7
9.O-O-O Nbd7 10.Bd3 b5 11.Rhe1 Bb7 12.Nd5 Nxd5 13.exd5 Nf6 14.Bxf6 gxf6 
15.Qh5 e5 16.Ne6 Qa5 17.fxe5 dxe5 18.Bf5 Bb4 19.Ng7+ Kf8 20.Be6 Qc7 21.d6 
Bxd6 22.Rxd6 Rc8 23.Re2 Kxg7 24.Rd7 Qb6 25.Rxf7+ Kg8 26.Qg4# 1-0

[Event "24th Reykjavik op"]
[Site "Reykjavik ISL"]
[Date "2009.03.27"]
[Round "4.54"]
[White "Gardarsson, Hordur"]
[Black "Karlsson, Mikael Johann"]
[WhiteElo "1951"]
[BlackElo "1505"]
[Result "1/2-1/2"]
[EventDate "2009.03.24"]
[PlyCount "81"]

1.c4 c5 2.Nc3 g6 3.g3 Bg7 4.Bg2 Nc6 5.Nf3 Nf6 6.O-O O-O 7.d3 d6 8.Rb1 Bg4 
9.h3 Be6 10.a3 Rb8 11.Bg5 Qd7 12.Kh2 a6 13.Qd2 Rfc8 14.Rfc1 b5 15.b3 b4 
16.axb4 Rxb4 17.Qa2 Qb7 18.Nd2 h6 19.Be3 Qa7 20.Nd5 Bxd5 21.cxd5 Nd4 22.
Bxd4 Rxd4 23.b4 Nd7 24.bxc5 Rxc5 25.Nb3 Rxc1 26.Rxc1 Rb4 27.e3 Qb6 28.Rb1 
Nc5 29.Nd2 Rxb1 30.Qxb1 Qxb1 31.Nxb1 Nxd3 32.Bf1 Nxf2 33.Bxa6 Be5 34.Kg2 
Ne4 35.g4 Kg7 36.Na3 Nc5 37.Be2 Kf6 38.Nc4 Na4 39.Bf3 Nc3 40.Nd2 Kg7 41.
Kf2 1/2-1/2

[Event "24th Reykjavik op"]
[Site "Reykjavik ISL"]
[Date "2009.03.27"]
[Round "4.55"]
[White "Johannsdottir, Johanna Bjoerg"]
[Black "Sigurdsson, Birkir Karl"]
[WhiteElo "1724"]
[BlackElo "1355"]
[Result "1-0"]
[EventDate "2009.03.24"]
[PlyCount "71"]

1.e4 e6 2.d3 d5 3.Nd2 c6 4.Ngf3 Ne7 5.g3 g6 6.Bg2 Bg7 7.O-O O-O 8.Re1 Bd7 
9.h4 Na6 10.Nf1 dxe4 11.Rxe4 Nc7 12.d4 Ncd5 13.N1h2 Nf6 14.Re1 Rc8 15.Ne5 
Nf5 16.c3 Nd5 17.h5 Nfe7 18.Nhg4 h6 19.Nxh6+ Bxh6 20.Bxh6 Re8 21.g4 f6 22.
Nc4 Qc7 23.Be4 f5 24.Bg2 Kh8 25.Ne5 gxh5 26.gxf5 Nf6 27.Nf7+ Kg8 28.fxe6 
Bxe6 29.Rxe6 Kxf7 30.Qe2 Ng6 31.Re1 Nf4 32.Bxf4 Qxf4 33.Re7+ Kf8 34.Qe6 
Rxe7 35.Qxe7+ Kg8 36.Qe6+ 1-0

[Event "24th Reykjavik op"]
[Site "Reykjavik ISL"]
[Date "2009.03.28"]
[Round "5.22"]
[White "Sofrigin, Alexej"]
[Black "Harika, Dronavalli"]
[WhiteElo "2252"]
[BlackElo "2473"]
[Result "0-1"]
[EventDate "2009.03.24"]
[PlyCount "54"]

1.Nf3 c5 2.c4 Nc6 3.d4 cxd4 4.Nxd4 Qb6 5.e3 Nf6 6.Nc3 e6 7.b3 d5 8.cxd5 
Bb4 9.Ne2 exd5 10.Bd2 O-O 11.a3 Bd6 12.Na4 Qd8 13.Bc3 Re8 14.Nd4 Ne4 15.
Ra2 Nxc3 16.Nxc3 Nxd4 17.Qxd4 Bc5 18.Qd2 d4 19.Nd1 Qf6 20.Bc4 dxe3 21.fxe3
Rd8 22.Qe2 b5 23.Bxb5 Qg6 24.Qc2 Bf5 25.Qf2 Bg4 26.Be2 Rxd1+ 27.Bxd1 Bxe3 
0-1

[Event "24th Reykjavik op"]
[Site "Reykjavik ISL"]
[Date "2009.03.28"]
[Round "5.41"]
[White "Brynjarsson, Helgi"]
[Black "Asgeirsson, Heimir"]
[WhiteElo "1949"]
[BlackElo "2171"]
[Result "0-1"]
[EventDate "2009.03.24"]
[PlyCount "72"]

1.e4 c5 2.Nc3 Nc6 3.f4 g6 4.Nf3 Bg7 5.d3 d6 6.h3 Nf6 7.g4 Qa5 8.Bd2 b5 9.
Nd5 b4 10.Ne3 O-O 11.c3 Ba6 12.Be2 Rab8 13.Kf2 c4 14.Qc2 cxd3 15.Bxd3 Bxd3
16.Qxd3 bxc3 17.Bxc3 Nb4 18.Qb1 Qa6 19.Rd1 Qb7 20.Rd4 Na6 21.Rc4 Rfc8 22.
Rxc8+ Rxc8 23.Nd2 Nc5 24.Bxf6 Bxf6 25.Qc2 Qxb2 26.Qxb2 Bxb2 27.Nd5 Kf8 28.
Rb1 Na4 29.Ne3 Bd4 30.Rb7 Rc3 31.Nf1 Nc5 32.Rb8+ Kg7 33.Kf3 Ra3 34.g5 h6 
35.h4 hxg5 36.fxg5 Rxa2 0-1

[Event "24th Reykjavik op"]
[Site "Reykjavik ISL"]
[Date "2009.03.28"]
[Round "5.43"]
[White "Westerberg, Claes Goran"]
[Black "Andersson, Christin"]
[WhiteElo "1864"]
[BlackElo "2132"]
[Result "1-0"]
[EventDate "2009.03.24"]
[PlyCount "51"]

1.e4 e5 2.d4 exd4 3.Nf3 Nc6 4.Bb5 Bc5 5.O-O Nge7 6.Ng5 Ng6 7.Qh5 d6 8.f4 
d3+ 9.Kh1 dxc2 10.Nc3 h6 11.Nxf7 Kxf7 12.f5 Qe8 13.fxg6+ Kg8 14.Bd2 Be6 
15.Nd5 Qd7 16.Nf4 Rf8 17.Ba4 Bc4 18.b3 d5 19.bxc4 Bd4 20.cxd5 Rxf4 21.Bxf4
Bxa1 22.Rxa1 Kf8 23.dxc6 bxc6 24.Bxc2 Ke7 25.Qe5+ Kd8 26.Rd1 1-0

[Event "24th Reykjavik op"]
[Site "Reykjavik ISL"]
[Date "2009.03.28"]
[Round "5.51"]
[White "Thorsteinsdottir, Hallgerdur"]
[Black "Unnarsson, Sverrir"]
[WhiteElo "1951"]
[BlackElo "1860"]
[Result "1/2-1/2"]
[EventDate "2009.03.24"]
[PlyCount "61"]

1.e4 d5 2.exd5 Nf6 3.Bb5+ Nbd7 4.c4 a6 5.Bxd7+ Qxd7 6.Nc3 c6 7.dxc6 Qxc6 
8.Qf3 Qxc4 9.Nge2 e6 10.b3 Qc7 11.Bb2 Bd6 12.Rc1 Qe7 13.Ne4 Nxe4 14.Qxe4 
O-O 15.Ng3 Rb8 16.O-O Bd7 17.Rfe1 Bxg3 18.hxg3 Bc6 19.Qe5 f6 20.Qxe6+ Qxe6
21.Rxe6 Rfe8 22.Rce1 Rxe6 23.Rxe6 Kf7 24.Re3 Rd8 25.d4 Re8 26.Rxe8 Kxe8 
27.g4 Kf7 28.f3 Ke6 29.Kf2 Bd5 30.Ke3 g6 31.Kd3 1/2-1/2